Management of library administration (Record no. 82460)
[ view plain ]
| 000 -LEADER | |
|---|---|
| fixed length control field | 00681nam a2200145 a 4500 |
| 008 - FIXED-LENGTH DATA ELEMENTS--GENERAL INFORMATION | |
| fixed length control field | 120416s0000 ||||||||||||||||| || u |
| 020 ## - INTERNATIONAL STANDARD BOOK NUMBER | |
| International Standard Book Number | 8171693261 |
| 050 ## - LIBRARY OF CONGRESS CALL NUMBER | |
| Classification number | Z 678 Man |
| 100 ## - MAIN ENTRY--PERSONAL NAME | |
| Personal name | Goswami, Inder Mohan |
| 245 10 - TITLE STATEMENT | |
| Title | Management of library administration |
| Statement of responsibility, etc. | edited by Inder Mohan Goswami |
| 260 ## - PUBLICATION, DISTRIBUTION, ETC. | |
| Place of publication, distribution, etc. | New Delhi |
| Name of publisher, distributor, etc. | Commonwealth Publishers |
| Date of publication, distribution, etc. | 1997 |
| 350 ## - | |
| -- | 0.00 |
| 995 ## - | |
| -- | ANNEX COLLECTION (Main Library) |
| -- | 0.00 |
| -- | 732533 |
| -- | CBU-MAIN LIBRARY (Kitwe) |
| -- | 1 |
| -- | 25.95 |
| -- | Z 678 Man |
| -- | 1 |
| -- | AVAILABLE |
| -- | 029929 |
| -- | Annex Low-Usage Collection |
| 995 ## - | |
| -- | MAIN LIBRARY OPEN ACCESS |
| -- | 0.00 |
| -- | 732535 |
| -- | CBU-MAIN LIBRARY (Kitwe) |
| -- | 2 |
| -- | 25.95 |
| -- | Z 678 Man |
| -- | 2 |
| -- | AVAILABLE |
| -- | 029944 |
| -- | Main Library Open Access Collection |
| 999 ## - | |
| -- | 82460 |
| -- | 82460 |
| Withdrawn status | Lost status | Source of classification or shelving scheme | Damaged status | Not for loan | Permanent Location | Current Location | Shelving location | Date acquired | Total Checkouts | Full call number | Barcode | Date last seen | Copy number | Price effective from | Koha item type |
|---|---|---|---|---|---|---|---|---|---|---|---|---|---|---|---|
| CBU-MAIN LIBRARY, KITWE. | CBU-MAIN LIBRARY, KITWE. | 09/29/2023 | Z 678 Man | 029929 | 09/29/2023 | 1 | 09/29/2023 | MONOGRAPH | |||||||
| CBU-MAIN LIBRARY, KITWE. | CBU-MAIN LIBRARY, KITWE. | 09/29/2023 | Z 678 Man | 09/29/2023 | 2p029944 | 09/29/2023 | MONOGRAPH |